000 01584nam a22003977a 4500
001 149
003 FISKH
005 20230301110913.0
008 230301b cb ||||| |||| 00| 0 eng d
040 _aDLC
_cDLC
_dDLC
_dFISKH
_beng
042 _alcac
043 _an-us---
050 0 0 _aGV1545.H8
_bB6 1991
082 0 0 _a793.8/092
_aB
_a92
_220
100 1 _aBorland, Kathryn Kilby.
245 1 0 _aHarry Houdini :
_byoung magician /
_cby Kathryn Kilby Borland and Helen Ross Speicher ; illustrated by Fred Irvin.
250 _a1st Aladdin Books ed.
260 _aNew York :
_bMacmillan ;
_aToronto :
_bCollier Macmillan Canada ;
_aNew York :
_bMaxwell Macmillan International Pub. Group,
_c1991.
300 _a192 p. :
_bill. ;
_c19 cm.
500 _a"Aladdin books."
500 _aReprint. Originally published under title: Harry Houdini, boy magician. 1969.
505 _aM
520 _aA biography of Harry Houdini concentrating on his earlier years and the training that made him a master magician and escape artist.
521 8 _a710
_bLexile
521 8 _aM
_bRaz-Pas
600 1 0 _aHoudini, Harry,
_d1874-1926
_vJuvenile literature.
600 1 1 _aHoudini, Harry,
_d1874-1926.
650 0 _aMagicians
_zUnited States
_vBiography
_vJuvenile literature.
650 0 _aEscape artists
_zUnited States
_vBiography
_vJuvenile literature.
650 1 _aMagicians.
700 1 _aSpeicher, Helen Ross.
700 1 _aIrvin, Fred M.,
_eill.
700 1 _aBorland, Kathryn Kilby.
_tHarry Houdini, boy magician.
906 _a7
_bcbc
_corignew
_d1
_eocip
_f19
_gy-gencatlg
942 _2ddc
_cBK
_n0
999 _c149
_d149